书目信息 |
| 题名: |
现代算法设计与分析
|
|
| 作者: | 森 , 库玛尔 著 ;刘铎 , 李令昆 译 | |
| 分册: | ||
| 出版信息: | 北京 机械工业出版社 2021.06 |
|
| 页数: | XII, 262页 | |
| 开本: | 26cm | |
| 丛书名: | 计算机科学丛书 | |
| 单 册: | ||
| 中图分类: | TP301.6 | |
| 科图分类: | ||
| 主题词: | 电子计算机--dian zi ji suan ji--算法设计 , 电子计算机--dian zi ji suan ji--算法分析 | |
| 电子资源: | ||
| ISBN: | 978-7-111-67955-4 | |
| 000 | 01458nam 2200349 450 | |
| 001 | 202021190207 | |
| 005 | 20211025120124.0 | |
| 010 | @a978-7-111-67955-4@dCNY99.00 | |
| 100 | @a20210919d2021 em y0chiy50 ea | |
| 101 | 1 | @achi@cinc |
| 102 | @aCN@b110000 | |
| 105 | @aa a 000yy | |
| 106 | @ar | |
| 200 | 1 | @a现代算法设计与分析@Axian dai suan fa she ji yu fen xi@f(印) 桑迪普·森, 阿米特·库玛尔著@d= Design and analysis of algorithms a contemporary perspective@fSandeep Sen, Amit Kumar@g刘铎, 李令昆译@zeng |
| 210 | @a北京@c机械工业出版社@d2021.06 | |
| 215 | @aXII, 262页@c图@d26cm | |
| 225 | 2 | @a计算机科学丛书@Aji suan ji ke xue cong shu |
| 300 | @a华章教育 | |
| 306 | @a由剑桥大学出版社与机械工业出版社合作出版 | |
| 320 | @a有书目 (第253-262页) | |
| 330 | @a本书不仅讲解传统的算法设计策略和技巧, 而且关注算法领域不断涌现的新概念、新方法和新应用, 帮助读者把握技术热点及发展趋势。内容包括: 模型与分析 ; 概率基础与尾部不等式 ; 热身问题等。 | |
| 410 | 0 | @12001 @a计算机科学丛书 |
| 510 | 1 | @aDesign and analysis of algorithms a contemporary perspective@zeng |
| 606 | 0 | @a电子计算机@Adian zi ji suan ji@x算法设计 |
| 606 | 0 | @a电子计算机@Adian zi ji suan ji@x算法分析 |
| 690 | @aTP301.6@v5 | |
| 701 | 1 | @a森@Asen@g(Sen, Sandeep)@4著 |
| 701 | 1 | @a库玛尔@Aku ma er@g(Kumar, Amit)@4著 |
| 702 | 0 | @a刘铎@Aliu duo@4译 |
| 702 | 0 | @a李令昆@Ali ling kun@4译 |
| 801 | 0 | @aCN@c20210909 |
| 905 | @a河南城建学院图书馆@dTP301.6@eS046 | |
| 现代算法设计与分析/(印) 桑迪普·森, 阿米特·库玛尔著= Design and analysis of algorithms a contemporary perspective/Sandeep Sen, Amit Kumar/刘铎, 李令昆译.-北京:机械工业出版社,2021.06 |
| XII, 262页:图;26cm.-(计算机科学丛书) |
| 华章教育 |
| ISBN 978-7-111-67955-4:CNY99.00 |
| 本书不仅讲解传统的算法设计策略和技巧, 而且关注算法领域不断涌现的新概念、新方法和新应用, 帮助读者把握技术热点及发展趋势。内容包括: 模型与分析 ; 概率基础与尾部不等式 ; 热身问题等。 |
| ● |
| 相关链接 |
|
|
|
正题名:现代算法设计与分析
索取号:TP301.6/S046
 
预约/预借
| 序号 | 登录号 | 条形码 | 馆藏地/架位号 | 状态 | 备注 |
| 1 | 1539741 | 215397416 | 自科库301/301自科库 45排6列2层/ [索取号:TP301.6/S046] | 在馆 | |
| 2 | 1539742 | 215397425 | 自科库301/301自科库 45排6列2层/ [索取号:TP301.6/S046] | 在馆 |